Année de sortie des albums de SCH - Statistiques

Statistiques générales
  • Ce quiz a été pris 59 fois
  • Le résultat moyen est 8 sur 9
Statistiques - réponses
Hint Réponse % Correct
A7 2015
100%
Anarchie 2016
100%
Deo Favente 2017
100%
JVLIVS 2018
94%
Rooftop 2019
91%
JVLIVS II 2021
87%
Autobahn 2022
85%
JVLIVS Prequel 2024
68%
JVLIVS III 2024
68%
Aucun quiz correspondant
Distribution des résultats
% des personnes avec chaque résultat
Percentile par nombre de réponses
Votre historique - résultats
Vous n’avez pas pris ce quiz